000 00432nam a2200169Ia 4500
001 3369
003 IN-NITTTR
005 20251114232947.0
008 251113s9999||||xx |||||||||||||| ||eng||
040 _beng
040 _cIN-NITTTR
041 _aeng
082 _a370.195 H198C
100 _aHans, Nicholas
245 0 _aComparative education :
_b a study of educational factors and traditions /
_cHans, Nicholas
942 _2ddc
_cBK
999 _c5696
_d5696